[Event "Druzynowe Mistrzostwa Polski Juniorow - II liga"]
[Site "Sypniewo k. Jastrowia"]
[Date "2023-06-16"]
[Round "3.23"]
[White "Banasiak, Adrianna"]
[Black "Niemier, Martyna"]
[Result "1-0"]
[WhiteTitle "I"]
[BlackTitle "I"]
[WhiteElo "1507"]
[BlackElo "1373"]

1. e4 2. e6 3. d4 4. d5 5. Nd2 6. Nf6 7. e5 8. Nfd7 9. f4 10. c5 11. c3 12. Nc6
13. Ndf3 14. cxd4 15. cxd4 16. Qb6 17. g3 18. Bb4+ 19. Kf2 20. f6 21. Kg2 22.
Be7 23. h4 24. a6 25. Nh3 26. Qa7 27. a4 28. Nb6 29. b3 30. a5 31. g4 32. Bd7
33. Be2 34. O-O-O 35. Nf2 36. Nb4 37. Ba3 38. Kb8 39. Qd2 40. Rc8 41. Rac1 42.
Rxc1 43. Rxc1 44. Rc8 45. Rc3 46. Rxc3 47. Qxc3 48. Nc8 49. Bxb4 50. Bxb4 51.
Qc2 52. h6 53. Qh7 54. fxe5 55. Nxe5 56. Bc6 57. Qxg7 58. Bc3 59. Nf3 60. Qb6
61. Bd1 Bxd4 62. Qxd4 63. Qa6 64. Qe5+ 65. Ka8 66. Qxe6 67. b5 68. Nd4 69. Bb7
70. Qxa6+ 71. Bxa6 72. axb5 73. Bb7 74. Nd3 75. Nd6 76. Nc5 77. Ka7 78. Nxb7 79.
Kxb7 80. Bf3 81. Kb6 82. Bxd5 83. Kc5 84. Nf5 85. Nxb5 86. Bc4 87. Na3 88. Bf7
89. Nb5 90. Nxh6 91. Nd6 92. Be6 93. Kb4 94. g5 95. Ne4 96. g6 97. Nc5 98. Bf7
99. Nxb3 100. Bxb3 101. Kxb3 102. g7 103. a4 104. g8=Q+ 105. Ka3 106. Qb8 107.
Ka2 108. Nf5 109. a3 110. Ne3 111. Ka1 112. Nc4 113. Ka2 114. Qb4 115. Ka1 116.
Qxa3+ 117. Kb1 118. Qb2# 1-0

[Event "Druzynowe Mistrzostwa Polski Juniorow - II liga"]
[Site "Sypniewo k. Jastrowia"]
[Date "2023-06-16"]
[Round "3.25"]
[White "Nowicki, Bartosz"]
[Black "Lechowski, Witold"]
[Result "1/2-1/2"]
[WhiteTitle "II+"]
[BlackTitle "I"]
[WhiteElo "1687"]
[BlackElo "1635"]

1. c4 2. Nf6 3. Nc3 4. d5 5. cxd5 6. Nxd5 7. g3 8. g6 9. Bg2 10. Nxc3 11. bxc3
12. Bg7 13. d4 14. c5 15. e3 16. O-O 17. Ne2 18. Qc7 19. O-O 20. Rd8 21. Ba3 22.
Nd7 23. Nf4 24. e5 25. Nd5 26. Qa5 27. Bb2 28. Nb6 29. Nxb6 30. Qxb6 31. Rb1 32.
exd4 33. cxd4 34. cxd4 35. Bxd4 36. Qa5 37. Qe2 38. Bxd4 39. exd4 40. Rxd4 41.
Rb5 42. Qc7 43. Qb2 44. Rd6 45. Re1 46. Be6 47. Rxb7 48. Qa5 49. Rb1 50. Rad8
51. a3 Bf5 52. Rc1 53. Rd1+ 54. Rxd1 55. Rxd1+ 56. Bf1 57. Qa6 58. Rb8+ 59. Bc8
60. Rb5 61. Bd7 62. Rb8+ 63. Bc8 64. Rb5 65. Bd7 1/2-1/2

[Event "Druzynowe Mistrzostwa Polski Juniorow - II liga"]
[Site "Sypniewo k. Jastrowia"]
[Date "2023-06-16"]
[Round "3.26"]
[White "Czak, Dominik"]
[Black "Garwacki, Kornel"]
[Result "0-1"]
[WhiteTitle "I"]
[BlackTitle "I"]
[WhiteElo "1583"]
[BlackElo "1778"]

1. d4 2. Nf6 3. c4 4. d6 5. Nc3 6. g6 7. g3 8. Bg7 9. Bg2 10. c6 11. Nf3 12. O-O
13. O-O 14. Nbd7 15. Bg5 16. h6 17. Bf4 18. Nh5 19. Be3 20. e5 21. dxe5 22. Nxe5
23. Nxe5 24. dxe5 25. Qxd8 26. Rxd8 27. Rad1 28. Be6 29. b3 30. f5 31. Na4 32.
Bf8 33. Bc5 34. Kf7 35. Bxf8 36. Rxf8 37. Nc5 38. Rab8 39. Rd6 40. Ng7 41. Rfd1
42. Ke7 43. e4 44. Rf6 45. f4 46. exf4 47. e5 48. Rf7 49. gxf4 50. g5 51. Nxe6
52. Nxe6 53. Rd7+ 54. Ke8 55. Rxf7 56. Kxf7 57. Rd7+ 58. Kg6 59. fxg5 60. hxg5
61. Rd6 62. Re8 63. Rd7 64. Nc5 65. Rd6+ 66. Re6 67. b4 68. Rxd6 69. exd6 70.
Ne6 71. b5 72. cxb5 73. cxb5 74. b6 75. d7 76. Kf6 77. Bd5 78. Nd8 79. Bb3 80.
Ke7 81. Bc2 82. f4 83. Bf5 84. Nf7 85. Kg2 86. Ne5 87. Kh3 88. Nf7 89. Kg2 90.
Nd6 91. Bd3 92. Kxd7 93. Kf3 94. Ke6 95. Kg4 96. Nf7 97. Bc4+ 98. Kf6 99. Bd5
100. Ne5+ 101. Kh3 102. Kf5 103. Kg2 104. Ng4 105. Bb7 106. Ne3+ 107. Kf2 108.
Nd1+ 109. Kg2 110. Nc3 111. h3 112. Nxb5 113. Bc8+ 114. Ke4 115. Kf2 116. Nc3
117. a3 118. Nb5 119. a4 120. Nc3 121. Bb7+ 122. Ke5 123. Bc6 124. a6 125. Kf3
126. Kf6 127. Bb7 128. Nxa4 129. Bxa6 130. Nc5 131. Bc4 132. Kf5 133. Ba2 134.
b5 135. Bb1+ 136. Ke5 137. Kg4 138. Ne4 139. h4 140. gxh4 141. Kxh4 142. Nd2 0-1

[Event "Druzynowe Mistrzostwa Polski Juniorow - II liga"]
[Site "Sypniewo k. Jastrowia"]
[Date "2023-06-16"]
[Round "3.27"]
[White "Nowicki, Franciszek"]
[Black "Galla, Wiktor"]
[Result "0-1"]
[WhiteTitle "II"]
[BlackTitle "II"]
[WhiteElo "1289"]
[BlackElo "1479"]

1. e4 2. e6 3. d4 4. d5 5. exd5 6. exd5 7. Nf3 8. Nf6 9. Bd3 10. Bg4 11. h3 12.
Bh5 13. Qe2+ 14. Be7 15. Bg5 16. O-O 17. g4 18. Bg6 19. Bxg6 20. hxg6 21. Nbd2
22. Re8 23. O-O-O 24. Nc6 25. Rdg1 26. Ne4 27. Bxe7 28. Rxe7 29. Qf1 30. Nxd2
31. Kxd2 32. Qd6 33. Kc1 34. Qf4+ 35. Nd2 36. Nxd4 37. Kd1 38. Re2 39. Qxe2 40.
Nxe2 41. Kxe2 42. Re8+ 43. Kd1 44. Qd4 45. Kc1 46. Re2 47. Rd1 48. Qxf2 49. h4
50. Qg2 51. Rhe1 52. Qxg4 53. Rh1 54. Qg2 55. Rhg1 56. Qf2 57. Rh1 58. c5 59.
Rdf1 60. Qe3 61. Rd1 62. d4 63. h5 64. gxh5 65. Rxh5 66. c4 67. Rd5 68. g6 69.
Rd8+ 70. Kg7 71. Rd7 72. c3 73. bxc3 74. dxc3 75. Rd3 76. cxd2+ 77. R1xd2 78.
Qg1+ 79. Rd1 80. Re1 81. Rxe1 82. Qxe1+ 83. Rd1 84. Qe3+ 85. Kb2 86. g5 0-1

[Event "Druzynowe Mistrzostwa Polski Juniorow - II liga"]
[Site "Sypniewo k. Jastrowia"]
[Date "2023-06-16"]
[Round "3.28"]
[White "Pelczarski, Wojciech"]
[Black "Kurczewski, Borys"]
[Result "1-0"]
[WhiteTitle "II"]
[BlackTitle "II"]
[WhiteElo "1398"]
[BlackElo "1153"]

1. f4 2. d5 3. Nf3 4. Nf6 5. g3 6. c6 7. Bg2 8. Bg4 9. O-O 10. Nbd7 11. e3 12.
e6 13. d4 14. Ne4 15. Nbd2 16. Ndf6 17. Qe1 18. Bxf3 19. Nxf3 20. Bd6 21. Ne5
22. O-O 23. c3 24. Bc7 25. Qe2 26. Nd6 27. b3 28. Nfe4 29. Qd3 30. f6 31. Ng4
32. b5 33. Ba3 34. h5 35. Nf2 36. Nxf2 37. Rxf2 38. f5 39. Qc2 40. Rf7 41. c4
42. bxc4 43. Bxd6 44. Qxd6 45. bxc4 46. Rb8 47. Qa4 48. Qb4 49. Qxc6 50. Qc3 51.
Raf1 52. Qxe3 53. cxd5 54. Bb6 55. Kh1 56. Bxd4 57. dxe6 58. Rf6 59. Bd5 60. Kh7
61. Qc4 62. Rxe6 63. Bxe6 64. Qe4+ 65. Rg2 66. Rb2 67. Bxf5+ 68. Qxf5 69. Qxd4
70. Rxg2 71. Kxg2 72. Qc2+ 73. Rf2 74. Qc6+ 75. Rf3 76. Qc2+ 77. Qf2 78. Qf5 79.
Qe2 80. g6 81. Qd3 82. Qe6 83. f5 84. Qxa2+ 85. Rf2 86. Kh6 1-0

[Event "Druzynowe Mistrzostwa Polski Juniorow - II liga"]
[Site "Sypniewo k. Jastrowia"]
[Date "2023-06-16"]
[Round "3.29"]
[White "Michalska, Anna-maria"]
[Black "Janikowska, Wiktoria"]
[Result "1/2-1/2"]
[WhiteTitle "I"]
[BlackTitle "I+"]
[WhiteElo "1382"]
[BlackElo "1636"]

1. c4 2. c5 3. Nc3 4. Nc6 5. g3 6. g6 7. Bg2 8. Bg7 9. e4 10. d6 11. Nge2 12. e6
13. O-O 14. Nge7 15. d3 16. O-O 17. Be3 18. Nd4 19. Rb1 20. Nec6 21. Qd2 22. Rb8
23. f4 24. a6 25. Bxd4 26. Nxd4 27. a4 28. Qa5 29. Qd1 30. Bd7 31. b3 32. b5 33.
axb5 34. axb5 35. Kh1 36. Rfd8 37. Nxd4 38. Qxc3 39. Ne2 40. Qa5 41. Qe1 42. Qa3
43. Qc1 44. Qa2 45. Nc3 46. Qa5 47. Ne2 48. Rb6 49. Qc2 50. Ra6 51. Rfc1 52. b4
53. Qd2 54. Qa2 55. Qd1 56. Qa5 57. Rc2 58. Qb6 59. Rd2 60. e5 61. h3 62. Rda8
63. Kh2 64. Qa7 65. Rc2 66. Ra2 67. Kh1 68. Qb7 69. Kh2 70. Bc6 71. Rxa2 72. Rxa2
73. Nc1 74. Ra3 75. Qf1 76. exf4 77. Qxf4 78. Be5 79. Qd2 80. Qe7 81. Ne2 82.
Qf6 83. Qe3 84. Ra2 85. Rf1 86. Qh4 87. Kg1 88. Rxe2 89. Qxe2 90. Qxg3 91. Rf3
92. Qh2+ 93. Kf2 94. Bd7 95. Ke1 96. Qg1+ 97. Rf1 98. Qd4 99. Qc2 1/2-1/2

[Event "Druzynowe Mistrzostwa Polski Juniorow - II liga"]
[Site "Sypniewo k. Jastrowia"]
[Date "2023-06-16"]
[Round "3.31"]
[White "Wolak, Maciej"]
[Black "Ciupka, Kamil"]
[Result "1/2-1/2"]
[WhiteTitle "II"]
[BlackTitle "II"]
[WhiteElo "1317"]
[BlackElo "1619"]

1. c4 2. Nf6 3. g3 4. c5 5. Bg2 6. Nc6 7. Nc3 8. g6 9. Nf3 10. Bg7 11. O-O 12.
O-O 13. d3 14. b6 15. a3 16. Bb7 17. Rb1 18. d5 19. cxd5 20. Nxd5 21. Nxd5 22.
Qxd5 23. Nd2 24. Qd7 25. b3 26. Rfd8 27. Bb2 28. Nd4 29. Bxb7 30. Qxb7 31. b4
32. cxb4 33. axb4 34. h5 35. e3 36. Ne6 37. Bxg7 38. Kxg7 39. d4 40. Rac8 41.
Rc1 42. Rxc1 43. Qxc1 44. Rc8 45. Qb2 46. Kg8 47. Rc1 48. Rxc1+ 49. Qxc1 50. Ng5
51. Qf1 52. Ne6 53. Qc4 54. Qc7 55. Qa2 56. Qb7 57. Qc4 58. Nc7 59. Nb3 60. e6
61. Nd2 62. Kf8 63. Qc2 64. Nd5 65. Qb3 66. Qe7 67. b5 68. Qb4 69. Qxb4+ 70. Nxb4
71. Nc4 72. Nd5 73. Nd6 74. Nc7 75. Kf1 76. a6 77. bxa6 78. Nxa6 79. Nb5 80. Ke7
81. Ke2 82. Kd7 83. Kd3 84. Nb4+ 85. Kc3 86. Nd5+ 87. Kc4 88. Nf6 89. f3 90. Ne8
91. e4 92. g5 93. Nc3 94. Nc7 95. Nb5 96. Ne8 97. Nc3 98. f5 99. exf5 100. exf5
101. Nd5 102. Nd6+ 103. Kb4 104. h4 105. Nxb6+ 106. Ke6 107. Nc4 108. hxg3 109.
hxg3 110. Nf7 111. Ne3 112. f4 113. gxf4 114. gxf4 115. Ng2 116. Ng5 117. Nxf4+
118. Kf5 119. Nd3 120. Nxf3 121. d5 122. Ng5 123. d6 124. Ke6 1/2-1/2

[Event "Druzynowe Mistrzostwa Polski Juniorow - II liga"]
[Site "Sypniewo k. Jastrowia"]
[Date "2023-06-16"]
[Round "3.32"]
[White "Bochenek, Piotr"]
[Black "Khimichenko, Dmytro"]
[Result "1-0"]
[WhiteTitle "II"]
[BlackTitle "I"]
[WhiteElo "1294"]
[BlackElo "1457"]

1. d4 2. Nf6 3. c4 4. c5 5. d5 6. b5 7. cxb5 8. a6 9. bxa6 10. Bxa6 11. Nc3 12.
d6 13. g3 14. g6 15. Bg2 16. Bg7 17. Nf3 18. O-O 19. Rb1 20. Nfd7 21. O-O 22.
Nb6 23. Nd2 24. N8d7 25. Re1 26. Qc7 27. Qc2 28. Rfb8 29. b3 30. c4 31. Bb2 32.
cxb3 33. axb3 34. Bb7 35. Qd3 36. Ne5 37. Qe3 38. Ng4 39. Qd3 40. Ba6 41. Qc2
42. Rc8 43. Rbc1 44. h5 45. h3 46. Nh6 47. e4 48. Nd7 49. Bf1 50. Bxf1 51. Kxf1
52. h4 53. g4 54. g5 55. Nc4 56. Ne5 57. Nb5 58. Qc5 59. Bxe5 60. Bxe5 61. Nc3
62. Bg7 63. Na4 64. Qd4 65. Nab6 66. Qf6 67. Nxa8 68. Rxa8 69. Re3 70. Qf4 71.
Qd1 72. Ra2 73. Qf3 74. Qh2 75. Re2 76. Ra7 77. Rb1 78. Ra6 79. b4 80. Ra8 81.
b5 82. Rc8 83. Rc2 84. Bd4 85. b6 1-0

[Event "Druzynowe Mistrzostwa Polski Juniorow - II liga"]
[Site "Sypniewo k. Jastrowia"]
[Date "2023-06-16"]
[Round "3.33"]
[White "Pekala, Dawid"]
[Black "Smolinski, Wojciech"]
[Result "0-1"]
[WhiteTitle "I"]
[BlackTitle "II"]
[WhiteElo "1534"]
[BlackElo "1472"]

1. e4 2. c5 3. Nf3 4. d6 5. d4 6. cxd4 7. Nxd4 8. Nf6 9. Nc3 10. Nc6 11. Bg5 12.
e6 13. Qd2 14. a6 15. O-O-O 16. Bd7 17. Nxc6 18. Bxc6 19. f3 20. Be7 21. h4 22.
h6 23. Be3 24. h5 25. Kb1 26. Qc7 27. Bd4 28. b5 29. Bd3 30. O-O-O 31. Qe3 Kb7
32. e5 33. dxe5 34. Bxe5 35. Bd6 36. Bxd6 37. Rxd6 38. Ne4 39. Nxe4 40. Bxe4 41.
Rhd8 42. Bxc6+ 43. Qxc6 44. Qe2 45. Qc4 46. Qxc4 47. Rxd1+ 48. Rxd1 49. Rxd1#
0-1

[Event "Druzynowe Mistrzostwa Polski Juniorow - II liga"]
[Site "Sypniewo k. Jastrowia"]
[Date "2023-06-16"]
[Round "3.35"]
[White "Szopa, Emilia"]
[Black "Trybus, Dominika"]
[Result "1-0"]
[WhiteTitle "I++"]
[BlackTitle "I++"]
[WhiteElo "1697"]
[BlackElo "1555"]

1. e4 2. c6 3. d4 4. d5 5. Nc3 6. dxe4 7. Nxe4 8. Nf6 9. Nxf6+ 10. exf6 11. c3
12. Bd6 13. Ne2 14. Qc7 15. Ng3 16. O-O 17. Bd3 18. Re8+ 19. Be3 20. Nd7 21. O-O
22. Nf8 23. Qd2 24. Be6 25. f4 26. Rad8 27. Ne4 Be7 28. c4 29. f5 30. Ng5 31.
Bf6 32. Nf3 33. Bc8 34. Ne5 35. g6 36. b4 37. Ne6 38. Qf2 39. b6 40. Rad1 41.
Bb7 42. g4 43. fxg4 44. f5 45. Nxd4 46. Nxg4 47. Be5 48. fxg6 49. f5 50. Nh6+
51. Kg7 52. Bxd4 53. Bxd4 54. Nxf5+ 55. Kh8 56. Nxd4 57. Qe5 58. Nf5 59. hxg6
60. Qh4+ 61. Kg8 62. Nh6+ 63. Kg7 64. Rf7+ 1-0

[Event "Druzynowe Mistrzostwa Polski Juniorow - II liga"]
[Site "Sypniewo k. Jastrowia"]
[Date "2023-06-16"]
[Round "3.36"]
[White "Zylak, Emilia"]
[Black "Pajak, Patrycja"]
[Result "0-1"]
[WhiteTitle "II"]
[BlackTitle "I"]
[WhiteElo "1061"]
[BlackElo "1268"]

1. e4 2. c5 3. Nf3 4. g6 5. d4 6. cxd4 7. Nxd4 8. Nc6 9. Nc3 10. Bg7 11. Be3 12.
Nf6 13. Bc4 14. O-O 15. O-O 16. d6 17. h3 18. Bd7 19. f4 20. Rc8 21. Bb3 22. Na5
23. Qd2 24. Nc4 25. Bxc4 26. Rxc4 27. Rad1 28. a6 29. f5 30. b5 31. a3 32. Qa8
33. Qd3 34. Qb7 35. Rfe1 36. Rfc8 37. Bf2 38. b4 39. axb4 40. Qxb4 41. Rb1 42.
Nh5 43. Red1 44. Nf6 45. Be1 46. Qb7 47. Bf2 48. R4c7 49. g4 50. Bc6 51. Nxc6
52. Rxc6 53. Rd2 54. Nd7 55. Bd4 56. Ne5 57. Bxe5 58. Bxe5 59. Na4 60. Rc4 61.
b3 62. Rxa4 63. Re2 64. Rd4 65. Qe3 66. Qb4 67. Rbe1 68. Rc3 69. Qf2 70. Rxh3
71. Rb1 72. Rh2 73. Qe1 74. Rxe2 75. Qxe2 76. Rxe4 77. Qxa6 78. Rxg4+ 79. Kf2
80. Qf4+ 81. Ke2 82. Rg2+ 0-1

[Event "Druzynowe Mistrzostwa Polski Juniorow - II liga"]
[Site "Sypniewo k. Jastrowia"]
[Date "2023-06-16"]
[Round "3.37"]
[White "Stanislawski, Karol"]
[Black "Szymkiewicz, Witold"]
[Result "0-1"]
[WhiteTitle "I"]
[BlackTitle "I+"]
[WhiteElo "1758"]
[BlackElo "1820"]

1. d4 2. d5 3. Nf3 4. Nf6 5. g3 6. g6 7. Bg2 8. Bg7 9. O-O 10. O-O 11. c4 12. c6
13. b3 14. dxc4 15. bxc4 16. c5 17. Bb2 18. Qb6 19. Qc1 20. Ne4 21. Nbd2 22. Nxd2
23. Qxd2 24. Nc6 25. e3 26. Rd8 27. Rfd1 28. Bg4 29. Rab1 30. Bf5 31. Rbc1 32.
Be4 33. Ba1 34. Bxf3 35. Bxf3 36. cxd4 37. c5 38. Qc7 39. exd4 40. Bxd4 41. Qg5
42. Ne5 43. Bg2 44. Bxa1 45. Rxa1 46. Qxc5 47. h4 48. h6 49. Qxh6 50. Qxf2+ 51.
Kxf2 52. Ng4+ 53. Kg1 54. Nxh6 55. Bxb7 56. Rab8 57. Be4 58. Nf5 59. Bxf5 60.
gxf5 61. Rxd8+ 62. Rxd8 63. Re1 64. Rd3 65. Kf2 66. e6 67. Re2 68. Ra3 69. Kg2
70. Kg7 71. Rf2 72. Kg6 73. Kh2 74. f6 75. Kh3 76. a5 77. Kh2 78. Ra4 79. Kh3
80. Kh5 81. Re2 82. e5 83. Rf2 84. f4 85. g4+ 86. Kg6 87. Re2 88. Ra3+ 89. Kh2
90. Rf3 91. g5 92. Rg3 93. gxf6 94. Kxf6 95. Rc2 96. Kf5 97. Rc5 98. Ra3 99. Rc2
100. Kg4 101. Re2 102. Kxh4 0-1

[Event "Druzynowe Mistrzostwa Polski Juniorow - II liga"]
[Site "Sypniewo k. Jastrowia"]
[Date "2023-06-16"]
[Round "3.38"]
[White "Wieckowski, Michal"]
[Black "Gorecki, Michal"]
[Result "1-0"]
[WhiteTitle "I"]
[BlackTitle "II+"]
[WhiteElo "1612"]
[BlackElo "1509"]

1. d4 2. Nf6 3. c4 4. g6 5. Nc3 6. Bg7 7. e4 8. d6 9. Be2 10. O-O 11. Bg5 12. c5
13. d5 14. e6 15. Nf3 16. exd5 17. cxd5 18. Qb6 19. Qc2 20. Bg4 21. O-O 22. Bxf3
23. Bxf3 24. Nbd7 25. a4 26. a6 27. a5 28. Qc7 29. Be2 30. Rfe8 31. f4 32. Rac8
33. Bc4 34. Ng4 35. Nd1 36. h6 37. Bh4 38. Ngf6 39. Nf2 40. Nh7 41. Ra3 42. Ndf6
43. Rd1 44. Qd7 45. Qe2 46. Nxe4 47. Nxe4 48. f5 49. Bd3 50. fxe4 51. Bxe4 52.
Nf6 53. Bxf6 54. Bxf6 55. Rg3 56. g5 57. fxg5 58. hxg5 59. Qh5 60. Qg7 61. Bf5
62. Rcd8 63. Be6+ 64. Kf8 65. Rf1 66. Ke7 67. Rxg5 68. Bd4+ 69. Kh1 70. Rf8 71.
Rxg7+ 72. Bxg7 73. Rf7+ 1-0

[Event "Druzynowe Mistrzostwa Polski Juniorow - II liga"]
[Site "Sypniewo k. Jastrowia"]
[Date "2023-06-16"]
[Round "3.39"]
[White "Szeszycki, Jan"]
[Black "Krogulski, Maksymilian"]
[Result "1/2-1/2"]
[WhiteTitle "II"]
[BlackTitle "I"]
[WhiteElo "1218"]
[BlackElo "1467"]

1. e4 2. c5 3. Nf3 4. e6 5. d4 6. cxd4 7. Nxd4 8. Nc6 9. Nc3 10. Qc7 11. g3 12.
a6 13. Bg2 14. Nf6 15. O-O 16. Be7 17. Re1 18. d6 19. Nxc6 20. bxc6 21. e5 22.
dxe5 23. Rxe5 24. O-O 25. Re1 26. Rd8 27. Qf3 28. Bb7 29. Bf4 30. Bd6 31. Bxd6
32. Qxd6 33. Rad1 34. Qc7 35. Rxd8+ 36. Rxd8 37. Rd1 38. Rxd1+ 39. Qxd1 40. Kf8
41. Ne4 42. Nxe4 43. Bxe4 44. h6 45. Qd4 46. c5 47. Qd3 48. Bxe4 49. Qxe4 50.
Qd6 51. Qe2 52. Ke7 53. b3 54. f5 55. Kf1 56. Qc6 57. f3 Qd5 58. a4 59. a5 60.
Ke1 61. Qd4 62. Kf1 63. g5 64. Qe1 65. Qd5 66. Kf2 67. Qd4+ 1/2-1/2

[Event "Druzynowe Mistrzostwa Polski Juniorow - II liga"]
[Site "Sypniewo k. Jastrowia"]
[Date "2023-06-16"]
[Round "3.41"]
[White "Oszutowska, Anna"]
[Black "Czarkowska, Dalia"]
[Result "1-0"]
[WhiteTitle "I"]
[BlackTitle "I"]
[WhiteElo "1369"]
[BlackElo "1253"]

1. e4 2. c6 3. d4 4. d5 5. Nc3 6. dxe4 7. Nxe4 8. Bf5 9. Ng3 10. Bg6 11. h4 12.
h6 13. Nf3 14. Nd7 15. h5 16. Bh7 17. Bd3 18. Bxd3 19. Qxd3 20. e6 21. Bd2 22.
Ngf6 23. O-O-O 24. Be7 25. Kb1 26. Qb6 27. Ne4 28. Nxe4 29. Qxe4 30. Nf6 31. Qe2
32. O-O 33. c3 34. a5 35. Ne5 36. a4 37. g4 38. Ba3 39. Bc1 40. Rfd8 41. Ka1 42.
Be7 43. g5 44. hxg5 45. Bxg5 46. a3 47. b3 48. Nd5 49. Bxe7 50. Nxe7 51. h6 52.
g6 53. Qf3 54. Nf5 55. Qg4 56. Qc7 57. Rdg1 58. Qe7 59. h7+ 60. Kh8 61. Nxg6+
fxg6 62. Qxg6 63. Rf8 64. Qg8+ 65. Rxg8 66. hxg8=Q# 1-0

[Event "Druzynowe Mistrzostwa Polski Juniorow - II liga"]
[Site "Sypniewo k. Jastrowia"]
[Date "2023-06-16"]
[Round "3.42"]
[White "Walewska, Natalia"]
[Black "Lukasik, Aleksandra"]
[Result "1-0"]
[WhiteTitle "I"]
[BlackTitle "I"]
[WhiteElo "1267"]
[BlackElo "1252"]

1. e4 2. e6 3. d4 4. d5 5. e5 6. c5 7. dxc5 8. Bxc5 9. Bd3 10. Nc6 11. f4 12. Qb6
13. Nf3 14. Bf2+ 15. Kf1 16. Bd7 17. Qe2 18. Bc5 19. c3 20. a5 21. Nbd2 22. Be3
23. Nb3 24. Bxc1 25. Rxc1 26. Nge7 27. Nbd4 28. Nxd4 29. Nxd4 30. O-O 31. g3 32.
Rac8 33. Kg2 34. f6 35. Rc2 36. fxe5 37. Qxe5 38. Rf6 39. Re1 40. Re8 41. Rce2
42. Ng6 43. Bxg6 44. hxg6 45. g4 46. Ref8 47. f5 48. gxf5 49. gxf5 50. Re8 51.
fxe6 52. Bxe6 53. Nxe6 54. Rfxe6 55. Qxd5 56. Qc6 57. Qxc6 58. Rxe2+ 59. Rxe2
60. bxc6 61. Rxe8+ 62. Kf7 63. Ra8 64. Ke6 65. Rxa5 66. Kd6 67. Rg5 68. c5 69.
Rxg7 70. c4 71. h4 72. Ke6 73. h5 74. Kf6 75. Rg3 76. Kf7 77. h6 78. Kf8 79. h7
80. Kf7 81. h8=Q 82. Ke6 83. Qh5 84. Kd6 85. Rg6+ 86. Ke7 87. Qh7+ 88. Kf8 89.
Rg8# 1-0

[Event "Druzynowe Mistrzostwa Polski Juniorow - II liga"]
[Site "Sypniewo k. Jastrowia"]
[Date "2023-06-16"]
[Round "3.43"]
[White "Bajer, Tomasz"]
[Black "Wilgosz, Szczepan"]
[Result "1-0"]
[WhiteTitle "I"]
[BlackTitle "I"]
[WhiteElo "1485"]
[BlackElo "1650"]

1. d4 2. d5 3. Nf3 4. Nf6 5. c4 6. c6 7. e3 8. Bf5 9. Nc3 10. e6 11. Be2 12. Bd6
13. O-O 14. h6 15. Qb3 16. Qc7 17. h3 18. Nbd7 19. Bd2 20. g5 21. cxd5 22. exd5
23. Rac1 24. a6 25. Na4 26. g4 27. Nh4 28. Be6 29. hxg4 30. Nxg4 31. f4 32. Ndf6
33. Bxg4 34. Bxg4 35. Bb4 36. Be7 37. Bxe7 38. Qxe7 39. Nc5 40. O-O 41. Nf3 42.
Ne4 43. Nxe4 44. Qxe4 45. Ne5 46. Be6 47. f5 48. Bxf5 49. Rf4 50. f6 51. Rxe4
52. Bxe4 53. Nd3 54. Rab8 55. Nc5 56. Bf5 57. Rf1 58. Bc8 59. Nxa6 60. Ra8 61.
Nc5 62. Rb8 63. Rf3 64. b6 65. Ne4 66. Kg7 67. Rg3+ 68. Kh7 69. Nf2 70. Bf5 71.
Qd1 72. Rg8 73. Rxg8 74. Rxg8 75. Qf3 76. Kg6 77. Qg3+ 78. Kf7 79. Qc7+ 80. Kg6
81. Qxc6 82. Rd8 83. Qxb6 84. Re8 85. Qb3 86. Rd8 87. Nh3 88. Bxh3 89. gxh3 90.
Kf5 91. Qd3+ 92. Ke6 93. b4 94. Ra8 95. Qb3 96. Rd8 97. b5 98. Kd6 99. a4 100.
Ra8 101. Qb4+ 102. Kd7 103. b6 104. Rg8+ 105. Kf2 106. Rb8 107. a5 108. f5 109.
Qc5 110. Rd8 111. Qc7+ 112. Ke8 113. b7 1-0

[Event "Druzynowe Mistrzostwa Polski Juniorow - II liga"]
[Site "Sypniewo k. Jastrowia"]
[Date "2023-06-16"]
[Round "3.44"]
[White "Marek, Grzegorz"]
[Black "Spytek, Hubert"]
[Result "1-0"]
[WhiteTitle "I"]
[BlackTitle "II+"]
[WhiteElo "1651"]
[BlackElo "1440"]

1. e4 2. d5 3. exd5 4. Qxd5 5. Nc3 6. Qa5 7. d4 8. Nf6 9. Nf3 10. c6 11. Bc4 12.
Bf5 13. O-O 14. e6 15. Ne2 16. Bd6 17. c3 18. Qc7 19. Ng3 20. Bg4 21. h3 22. Bxf3
23. Qxf3 24. Nbd7 25. Re1 26. O-O 27. Bd3 28. c5 29. dxc5 30. Nxc5 31. Bc2 32.
Rad8 33. Ne2 34. e5 35. Ng3 36. Rfe8 37. Bg5 38. Be7 39. Nf5 40. Nd5 41. Nxe7+
42. Nxe7 43. Qg3 44. Qc6 45. Bxe7 46. Rxe7 47. Qh4 48. Kf8 49. Qxh7 50. Qh6 51.
Qxh6 52. gxh6 53. Rad1 54. Rxd1 55. Rxd1 56. Rd7 57. Rxd7 58. Nxd7 59. Kf1 60.
Ke7 61. Ke2 62. Ke6 63. Ke3 64. f5 65. g3 66. Nb6 67. Bb3+ 68. Kf6 69. f3 70.
Nc8 71. Bc2 72. Nd6 73. b3 74. Nb5 75. c4 76. Nd4 77. Bd3 78. Nc6 79. f4 80. b6
81. g4 82. fxg4 83. hxg4 84. exf4+ 85. Kxf4 86. Nb4 87. Bb1 88. Na6 89. a3 90.
Nc7 91. b4 92. Ne8 93. Bd3 94. Ke6 95. Be4 96. Nc7 97. Bf3 98. Ne8 99. Ke4 100.
Nf6+ 101. Kd4 102. Nd7 103. Bb7 104. Nf6 105. Bc8+ 106. Kd6 107. Bf5 108. Ne8
109. Be4 110. Nf6 111. Bf3 112. Nd7 113. Be4 114. Nf6 115. c5+ 116. bxc5+ 117.
bxc5+ 118. Kc7 119. Bf3 120. Nd7 121. Kd5 122. h5 123. gxh5 124. Nf6+ 125. Ke6
126. Nxh5 127. Bxh5 128. Kc6 129. a4 130. Kxc5 131. Bd1 132. Kc6 133. Bc2 134.
a6 135. Bd3 136. Kb6 137. Kd5 138. Ka5 139. Bc2 140. Kb6 141. Kc4 142. Ka5 143.
Bd1 144. Kb6 145. Kb4 146. a5+ 147. Kc4 148. Kc6 149. Bf3+ 1-0

[Event "Druzynowe Mistrzostwa Polski Juniorow - II liga"]
[Site "Sypniewo k. Jastrowia"]
[Date "2023-06-16"]
[Round "3.45"]
[White "Nowakowski, Maksymilian"]
[Black "Zajadlak, Milosz"]
[Result "1-0"]
[WhiteTitle "I"]
[BlackTitle "II"]
[WhiteElo "1646"]
[BlackElo "1290"]

1. d4 2. d5 3. c4 4. e6 5. Nf3 6. Nf6 7. g3 8. c5 9. dxc5 10. Bxc5 11. Bg2 12.
O-O 13. O-O 14. Nc6 15. a3 16. a5 17. Nc3 18. Re8 19. Bg5 20. dxc4 21. Qa4 22.
h6 23. Rad1 24. Qe7 25. Bxf6 26. Qxf6 27. Ne4 28. Qe7 29. Qxc4 30. Ba7 31. Rd2
32. Bd7 33. Nd6 34. Reb8 35. Rfd1 36. b5 37. Nxb5 38. Ne5 39. Nxe5 40. Bxb5 41.
Qh4 42. Qc5 43. Qf4 44. f6 45. Nd3 1-0